000 01464nam a2200373 i 4500
001 15549
003 KOSZ 005
005 20200701085905.0
008 200420s1973 pl f 000 0 pol d
040 _aKOSZ 005
_cKOSZ 005/RW
046 _k1973
080 _a374
100 1 _aJaskóła, Zdzisław
_eAutor
245 1 0 _aMetodyka prowadzenia zaliczeń i egzaminów z podstaw konstrukcji maszyn na studiach wieczorowych i zaocznych /
_cZdzisław Jaskóła, Tadeusz Gawryś ; Ośrodek Metodyczny Wyższych Studiów Technicznych dla Pracujących.
260 _aGliwice :
_bOśrodek Metodyczny Wyższych Studiów Technicznych dla Pracujących,
_c1973.
300 _a15 stron ;
_c24 cm.
336 _aTekst
_btxt
_2rdacontent
337 _aBez urządzenia pośredniczącego
_bn
_2rdamedia
338 _aWolumin
_bnc
_2rdacarrier
380 _aKsiążki
380 _aPublikacje fachowe
388 _a1901-2000
388 _a1945-1989
504 _aBibliografia na stronie 12.
650 7 _aTechnologia
650 7 _aMaszyny
650 7 _aNauczanie
650 7 _aEgzaminy
658 _aEdukacja i pedagogika
700 1 _aGawryś, Tadeusz
_eAutor
710 2 _aMiędzyuczelniany Ośrodek Metodyczny Wyższych Studiów Technicznych dla Pracujących (Gliwice)
_4pbl
856 _uhttp://koha.tu.koszalin.pl/cgi-bin/koha/opac-detail.pl?biblionumber=15549
_yKatalog online BPK
942 _2UKD
_cKS
999 _c15549
_d15549